Statistics for History by Letter - M

Click here to take the quiz!

General Stats

  • This quiz has been taken 42,232 times
  • The average score is 14 of 20

Answer Stats

HintAnswer% Correct
Sistine Chapel painterMichelangelo
97%
Considered by Muslims to be
the last prophet
Muhammad
96%
Austrian child prodigy and composerWolfgang
Amadeus Mozart
89%
First black President of South AfricaNelson Mandela
89%
Communist Manifesto authorKarl Marx
87%
Beheaded Queen of ScotsMary
85%
Famous Incan city in PeruMachu Picchu
77%
Mesoamerican civilization famous for
their accurate calendar
Maya
77%
Religious movement founded
by Joseph Smith
Mormonism
77%
Cradle of civilization between
the Tigris and Euphrates
Mesopotamia
75%
U.S. project to build the atomic bombManhattan Project
74%
England's "Great Charter" of 1215Magna Carta
72%
World's first industrialized cityManchester
66%
City that marked the easternmost point
of Napoleon's conquests
Moscow
62%
Ford's first mass-produced autoModel T
59%
Influential Florentine house that
produced 4 popes
Medici
55%
Muslim group that once ruled SpainMoors
53%
Author of the U.S. Bill of RightsJames Madison
49%
Italian inventor of radioGuglielmo Marconi
46%
Indian Empire from 1526 to 1867,
with Agra as its capital
Mughal
36%

Score Distribution

Percentile by Number Answered

Percent of People with Each Score

Your Score History

You have not taken this quiz